Трудовая мобильность: концептуальная модель, реальные тенденции, проблемы управления

Bibliografische gegevens
Hoofdauteur: Мухаметлатыпов Ф. У. Филор Усманович
Taal:Russisch
Gepubliceerd in: Уфа, Башкирское книжное изд-во, 1990
Onderwerpen:
Formaat: Boek
KOHA link:https://koha.lib.tpu.ru/cgi-bin/koha/opac-detail.pl?biblionumber=373017

MARC

LEADER 00000nam0a2200000 4500
001 373017
005 20231101050540.0
010 |a 5295006190 
035 |a (RuTPU)RU\TPU\retro\30442 
035 |a RU\TPU\book\223932 
090 |a 373017 
100 |a 20221215d1990 m y0rusy50 ca 
101 0 |a rus 
102 |a RU 
105 |a y z 000zy 
200 1 |a Трудовая мобильность: концептуальная модель, реальные тенденции, проблемы управления  |f Ф. У. Мухаметлатыпов 
210 |a Уфа  |c Башкирское книжное изд-во  |d 1990 
215 |a 180 с. 
610 1 |a трудовая мобильность 
610 1 |a тенденции 
610 1 |a управление 
610 1 |a проблемы 
610 1 |a изучение 
610 1 |a становление 
610 1 |a оптимизация 
686 |a У9(2)240  |v LBC/SL-A  |2 rubbk 
700 1 |a Мухаметлатыпов  |b Ф. У.  |g Филор Усманович 
801 1 |a RU  |b 63413507  |c 20111209 
801 2 |a RU  |b 63413507  |c 20221215  |g RCR 
942 |c BK